|
|
|
|
| LEADER |
00000nam a2200000Ii 4500 |
| 001 |
DIGAUHUM0085 |
| 003 |
NyNyDIG |
| 006 |
m o d |
| 007 |
cr ||||||||||| |
| 008 |
260205s2023 ck ob 001 0 spa d |
| 035 |
|
|
|a (OCoLC)1573182066
|
| 040 |
|
|
|a DGITA
|b eng
|e rda
|e pn
|c DGITA
|
| 020 |
|
|
|a 9786287625495
|q (versión digital)
|
| 020 |
|
|
|z 9786287625488
|q (versión impresa)
|
| 050 |
1 |
4 |
|a B3279.H49 ebook
|
| 100 |
1 |
|
|a Quesada, Julio,
|d 1950-
|e author.
|
| 245 |
1 |
0 |
|a Martin Heidegger :
|b historia de un antisemita del espíritu.
|n (I) /
|c Julio Quesada Martín.
|
| 250 |
|
|
|a Primera edición.
|
| 264 |
|
1 |
|a Bogotá, Colombia :
|b Editorial Aula de Humanidades,
|c 2023.
|
| 300 |
|
|
|a 1 online resource.
|
| 336 |
|
|
|a text
|b txt
|2 rdacontent
|
| 337 |
|
|
|a computer
|b c
|2 rdamedia
|
| 338 |
|
|
|a online resource
|b cr
|2 rdacarrier
|
| 347 |
|
|
|a text file
|2 rdaft
|
| 347 |
|
|
|b PDF
|
| 490 |
1 |
|
|a Colección: General
|
| 504 |
|
|
|a Includes bibliographical references and indexes.
|
| 588 |
0 |
|
|a Online resource; title from PDF title page (Digitalia, viewed February 5, 2026)
|
| 600 |
1 |
0 |
|a Heidegger, Martin,
|d 1889-1976
|x Political and social views.
|
| 600 |
1 |
0 |
|a Heidegger, Martin,
|d 1889-1976
|x Criticism and interpretation.
|
| 791 |
2 |
|
|a Digitalia (Firm),
|e distributor.
|
| 793 |
0 |
|
|g Digitalia eBook Collection:
|a Editorial Aula de Humanidades
|
| 776 |
0 |
8 |
|i Print version:
|a Quesada, Julio, 1950-
|t Martin Heidegger.
|b Primera edición.
|d Bogotá, Colombia : Editorial Aula de Humanidades, 2023
|z 9786287625488
|
| 830 |
|
0 |
|a Colección General (Editorial Aula de Humanidades)
|
| 856 |
4 |
0 |
|3 Digitalia Hispánica
|u https://www.digitaliapublishing.com/a/180804/
|
| 910 |
|
|
|a Premium collection: 2026
|